000 00663nam a2200277Ia 4500
005 20260324111615.0
008 008 260324s9999 xx 000 0 eng d
020 _a9788770047074
037 _aEBOOK
040 _aCRL
040 _beng
040 _cCRL
041 _2eng
041 _aeng
084 _qCRL
100 _aPavlo A. Molchanov
_91139261
245 0 _aArtificial Insect-Inspired Vision for Autonomous Systems
260 _bTaylor and Francis
260 _c2025
365 _a
365 _b210
856 _uhttp://www.taylorfrancis.com/books/9788770047074
942 _cEBOOK
999 _c1728140
_d1728140